Protokół ze zjazdu uczestników II etapu prac nad zestawem podstaw programowych (minimów programowych) kształcenia ogónego
| Titel: | Protokół ze zjazdu uczestników II etapu prac nad zestawem podstaw programowych (minimów programowych) kształcenia ogónego : zjazd obradował w dniach 18 - 20 listopada 1992 r. w Warszawie / Ministerstwo Edukacji Narodowej, Biuro ds. Reformy Szkolnej |
|---|---|
| Veröffentlicht: | Warszawa : Wydawnictwo "Oświata", 1993 |
| Umfang: | 180 Seiten : Tabellen |
| Format: | Buch |
| Sprache: | Polnisch |
| Hinweise zum Inhalt: |
Inhaltsverzeichnis
Cover |
X
alg: 52021121 001A $03004:30-07-24 001B $01999:21-11-25 $t16:17:59.000 001D $03004:30-07-24 001U $0utf8 001X $00 002@ $0Aau 002C $aText $btxt $2rdacontent 002D $aohne Hilfsmittel zu benutzen $bn $2rdamedia 002E $aBand $bnc $2rdacarrier 003@ $0520211219 003O $0837129556 $aOCoLC 006C $0837129556 $aOCoLC 007A $057331862X $aGBV 007G $0DE020046C94D82A4AF34BC1258B73004323B1 009P $qapplication/pdf $A2 $3Inhaltsverzeichnis $uhttp://scans.hebis.de/HEBCGI/show.pl?52021121_toc.pdf $mV:DE-603;B:DE-Mb50 009P $qapplication/pdf $A2 $3Cover $uhttp://scans.hebis.de/HEBCGI/show.pl?52021121_cov.pdf $mV:DE-603;B:DE-Mb50 010@ $apol 010E $erda 011@ $a1993 $n1993 021A $aProtokół ze zjazdu uczestników II etapu prac nad zestawem podstaw programowych (minimów programowych) kształcenia ogónego $dzjazd obradował w dniach 18 - 20 listopada 1992 r. w Warszawie $hMinisterstwo Edukacji Narodowej, Biuro ds. Reformy Szkolnej 033A $pWarszawa $nWydawnictwo "Oświata" 034D $a180 Seiten 034M $aTabellen 044K $RPolen-Litauen $RKongresspolen $RWestgalizien $RStaat Krakau $#Generalgouvernement Polen $#Polska $#Rzeczpospolita Polska $#Polska Rzeczpospolita Ludowa $#Poland $#Pologne $#République Polonaise $#Generalne Gubernatorstwo w Polsce $#Polish People's Republic $#Polska Rzeczpospolita Polen $#PRL $#RP $#Polen Generalgouvernement $#Polska Generalgouvernement $#Besetzte Polnische Gebiete $#Besetztes Gebiet in Polen $#Okupowane Polskie Obszary $#Obszary Okupowane w Polsce $#Volksrepublik Polen $#Polska Rosyjska $#Republic Polen $#Respublika Pol'ša $#Pol'skaja Narodnaja Respublika $#République de Pologne $#Polen Links der Weichsel $#Polska po Lewej Stronie Wisły $#Lenkija $#Polija $#Gubernija Carstva Pol'skago $#Republik Polen $74046496-9 $8Polen [Tg1] $9085129801 044K $RElementarbereich $RSchule $RVolksschule $#Elementary schools $#Écoles primaires $#Elementarschule $#Primärschule $#Primarbereich $#Primarschule $#Primarstufe $#Primary school $#Polytechnische Oberschule Unterstufe $#Grundschulen $74022349-8 $8Grundschule [Ts1] $9085054828 044K $RSchule $RSekundarstufe $RSchulübergang $#Weiterführende Schule $#weiterführende Schule $74189521-6 $8Weiterführende Schule [Ts1] $9085936197 044K $RBildungsplanung $RCurriculum $RHeimlicher Lehrplan $RStoffverteilungsplan $#Education Curricula $#Programmes d'études $#Programas de estudio $#curriculum $#Lehrplan $#Lehrplan $#Bildungsplan Lehrplan $#Rahmenrichtlinie Formschlagwort $#Lehrpläne $74035117-8 $8Lehrplan [Ts1] $9085094706 044K $RBildungspolitik $RReform $RBildungsnotstand $#Educational change $#School improvement programs $#Enseignement Réforme $#Bildungsreform $#Bildungsreform $#Bildungsreform $#Bildungswesen Reform $#Erziehungsreform Bildungsreform $#Bildungsreformen $74006672-1 $8Bildungsreform [Ts1] $9085010006 045F $a370.9438 $eDDC23BSB 045F/01 $a370 045F/03 $g438 lok: 52021121 24 exp: 52021121 24 1 #EPN 201B/01 $030-07-24 $t10:32:01.000 201C/01 $030-07-24 201U/01 $0utf8 203@/01 $01267799625 208@/01 $a30-07-24 $bz 209A/01 $a24.03992 $du $f050 $h24 03992 $x00 209C/01 $a24.03992 G $h24 03992 G 209G/01 $a74891284 $x00 220C/01 $ahae 247C/01 $8358050-7Marburg, Bibliothek des Herder-Instituts Marburg $9102600961
| LEADER | 00000cam a2200000 c 4500 | ||
|---|---|---|---|
| 001 | 520211219 | ||
| 003 | DE-603 | ||
| 005 | 20251121161759.0 | ||
| 007 | tu | ||
| 008 | 240730s1993 xx |||| | u00||u|pol c | ||
| 035 | |a (DE-599)GBV57331862X | ||
| 035 | |a (OCoLC)837129556 | ||
| 040 | |a DE-603 |b ger |c DE-603 |d DE-603 |e rda | ||
| 041 | |a pol | ||
| 082 | 0 | 4 | |8 1\u |a 370.9438 |q DE-101 |2 23/BSB |
| 085 | |8 1\u |b 370 | ||
| 085 | |8 1\u |z 2 |s 438 | ||
| 245 | 0 | 0 | |a Protokół ze zjazdu uczestników II etapu prac nad zestawem podstaw programowych (minimów programowych) kształcenia ogónego |b zjazd obradował w dniach 18 - 20 listopada 1992 r. w Warszawie |c Ministerstwo Edukacji Narodowej, Biuro ds. Reformy Szkolnej |
| 264 | 1 | |a Warszawa |b Wydawnictwo "Oświata" |c 1993 | |
| 300 | |a 180 Seiten |b Tabellen | ||
| 336 | |a Text |b txt |2 rdacontent | ||
| 337 | |a ohne Hilfsmittel zu benutzen |b n |2 rdamedia | ||
| 338 | |a Band |b nc |2 rdacarrier | ||
| 650 | 7 | |a Grundschule |0 (DE-588)4022349-8 |0 (DE-603)085054828 |2 gnd | |
| 650 | 7 | |a Weiterführende Schule |0 (DE-588)4189521-6 |0 (DE-603)085936197 |2 gnd | |
| 650 | 7 | |a Lehrplan |0 (DE-588)4035117-8 |0 (DE-603)085094706 |2 gnd | |
| 650 | 7 | |a Bildungsreform |0 (DE-588)4006672-1 |0 (DE-603)085010006 |2 gnd | |
| 651 | 7 | |a Polen |0 (DE-588)4046496-9 |0 (DE-603)085129801 |2 gnd | |
| 856 | 4 | 2 | |m V:DE-603;B:DE-Mb50 |q application/pdf |u http://scans.hebis.de/HEBCGI/show.pl?52021121_toc.pdf |3 Inhaltsverzeichnis |
| 856 | 4 | 2 | |m V:DE-603;B:DE-Mb50 |q application/pdf |u http://scans.hebis.de/HEBCGI/show.pl?52021121_cov.pdf |3 Cover |
| 924 | 0 | |9 Mb 50 |a (DE-603)1267799625 |b DE-Mb50 |c HES |d c |g 24.03992 | |


